Transferencia de calor

I tiakina i:
Ngā taipitopito rārangi puna kōrero
Kaituhi matua: Holman, Jack Phillip (Author)
Hōputu: Pukapuka
Reo:Pāniora
I whakaputaina: Madrid McGraw Hill 1998
Ngā marau:
Ngā Tūtohu: Tāpirihia he Tūtohu
Kāore He Tūtohu, Me noho koe te mea tuatahi ki te tūtohu i tēnei pūkete!

MARC

LEADER 00000nam a2200000 a 4500
001 UCP2050
003 CL-VaPUC
005 20230801172046.0
008 990507e19980000SP |||||||||||||||||spa|d
999 |c 280659  |d 280657 
040 |c Pontificia Universidad Católica de Valparaíso 
082 0 4 |a 536.2  |b HOL  |2 21 
100 |a Holman, Jack Phillip  |e author  |9 455197 
245 1 0 |a Transferencia de calor 
260 |a Madrid  |b McGraw Hill  |c 1998 
300 |a 484 p 
500 |a Incluye diskette 
500 |a EJEMPLAR EN PODER DE DOCENTE BEATRIZ CANCINO, POR PROYECTO DE MEJORAMIENTO DE LA CALIDAD DE LA DOCENCIA 
583 |a last modification  |c 19990507 00:00:00  |k Rodrigo Vera 
650 0 |a Calor  |9 260253  |x Transmisión 
650 0 |a Radiación  |9 259874 
650 0 |a Transferencia de masa  |9 259375 
942 |c BK  |2 ddc 
945 |d 19990507 00:00:00  |a rbrito 
952 |0 0  |1 0  |4 0  |6 536_200000000000000_HOL_1998  |7 0  |8 A  |9 321101  |a BIBMEC  |b BIBMEC  |d 2019-11-20  |i 352096K  |o 536.2 HOL 1998  |p 352096K  |r 2024-01-19  |w 2019-11-20  |y BK  |k MEC 
952 |0 0  |1 0  |4 0  |6 536_200000000000000_HOL_1998  |7 0  |8 A  |9 321102  |a BIBING  |b BIBING  |d 2019-11-20  |i 3535185  |l 2  |o 536.2 HOL 1998  |p 3535185  |r 2025-01-20  |s 2022-03-24  |w 2019-11-20  |y BK  |k EIQ 
952 |0 0  |1 0  |4 0  |6 536_200000000000000_HOL_1998  |7 0  |8 A  |9 321103  |a BIBALI  |b BIBALI  |c RES  |d 2019-11-20  |i 3800040  |o 536.2 HOL 1998  |p 3800040  |r 2025-01-20  |w 2019-11-20  |y BK_R  |k ALI 
952 |0 0  |1 0  |4 0  |6 536_200000000000000_HOL_1998  |7 0  |8 A  |9 321104  |a BIBALI  |b BIBALI  |c RES  |d 2019-11-20  |i 3813649  |o 536.2 HOL 1998  |p 3813649  |r 2025-01-20  |w 2019-11-20  |y BK_R  |k ALI 
952 |0 0  |1 0  |4 0  |6 536_200000000000000_HOL_1998  |7 0  |8 A  |9 321105  |a BIBMEC  |b BIBMEC  |d 2019-11-20  |i 3823385  |o 536.2 HOL 1998  |p 3823385  |r 2024-01-19  |w 2019-11-20  |y BK  |k MEC 
952 |0 0  |1 0  |4 0  |6 536_200000000000000_HOL_1998  |7 0  |8 A  |9 321106  |a BIBMEC  |b BIBMEC  |d 2019-11-20  |i 3823393  |o 536.2 HOL 1998  |p 3823393  |r 2024-01-19  |w 2019-11-20  |y BK  |k MEC 
952 |0 0  |1 0  |4 0  |6 536_200000000000000_HOL_1998  |7 0  |8 A  |9 321107  |a BIBALI  |b BIBALI  |c RES  |d 2019-11-20  |i 3869598  |l 3  |o 536.2 HOL 1998  |p 3869598  |r 2025-01-20  |s 2023-03-27  |w 2019-11-20  |y BK_R  |k ALI 
952 |0 0  |1 0  |4 0  |6 536_200000000000000_HOL_1998  |7 0  |8 A  |9 321108  |a BIBALI  |b BIBALI  |c RES  |d 2019-11-20  |i 3871215  |o 536.2 HOL 1998  |p 3871215  |r 2025-01-20  |w 2019-11-20  |y BK_R  |k ALI